|
|
|
|
| LEADER |
00000nab a2200000 a 4500 |
| 001 |
vtls008689071 |
| 003 |
SK-MaSNL |
| 005 |
20260305022338.0 |
| 008 |
250505c2005 xo |||||||||||000 b|slo |
| 015 |
|
|
|a SNBRB2006/04
|2 snkbucl
|
| 035 |
|
|
|a (uuid)8fffcaa1-811e-4e41-8c39-509cb42c84bb
|
| 035 |
|
|
|a urn:nbn:sk:snk-abaefk
|
| 035 |
|
|
|a (urnnbn)urn:nbn:sk:snk:ar-008due
|
| 038 |
|
|
|a SNKBUCL
|
| 040 |
|
|
|a SNKBUCL
|b slo
|c SNKBUCL
|e AACR2
|
| 041 |
0 |
|
|a slo
|
| 044 |
|
|
|a xo
|c SK
|
| 080 |
|
|
|a 711.427
|x (091)
|2 2001
|
| 100 |
1 |
|
|a Špaček, Robert,
|d 1952-
|4 aut
|9 106914
|
| 245 |
1 |
0 |
|a Tváre mesta
|n 21. časť
|c Robert Špaček
|
| 300 |
|
|
|b Obr., sch.
|
| 650 |
0 |
7 |
|a mestá
|2 snkbucl
|9 2929
|
| 650 |
0 |
7 |
|a ideálne mestá
|2 snkbucl
|9 1495013
|
| 650 |
0 |
7 |
|a urbanizmus
|2 snkbucl
|9 2925
|
| 773 |
0 |
|
|t Eurostav
|g Roč. 11, č. 8 (2005), s. 59
|x 1335-1249
|
| 850 |
|
|
|a Slovenská národná knižnica
|
| 852 |
|
|
|a Slovenská národná knižnica
|
| 954 |
|
|
|a odborná, vedecká literatúra pôvodná (slovenská)
|2 lita
|
| 958 |
|
|
|a article14
|
| 958 |
|
|
|a OND
|
| 958 |
|
|
|a EUIPO
|
| 999 |
|
|
|c 3290256
|d 3292186
|